[Event "Titled Tuesday intern op 06th May Early"]
[Site "Chess.com INT"]
[Date "2025.05.06"]
[Round "2"]
[White "Lortkipanidze, Nodar"]
[Black "Soderstrom, Adrian"]
[Result "1/2-1/2"]
[WhiteElo "2359"]
[BlackElo "2407"]
[PlyCount "168"]
[EventDate "2025.05.06"]
[EventType "swiss (blitz)"]
[EventRounds "11"]
[EventCountry "USA"]
[SourceTitle "CB20_2025"]
[SourceDate "2025.05.14"]
[SourceVersion "1"]
[SourceVersionDate "2025.05.14"]
[SourceQuality "1"]

1. e4 c5 2. c3 d5 3. exd5 Qxd5 4. d4 Nc6 5. Nf3 Nf6 6. Be3 cxd4 7. cxd4 e6 8. Nc3 Bb4 9. a3 Bxc3+ 10. bxc3 0-0 11. Be2 b6 12. 0-0 Bb7 13. c4 Qd6 14. a4 Rfd8 15. Qb1 Na5 16. Ne5 Be4 17. Qb2 Nc6 18. Rfd1 Qb4 19. Qxb4 Nxb4 20. f3 Bb7 21. Kf2 Nc2 22. Ra2 Nxe3 23. Kxe3 Nd7 24. Nd3 Rac8 25. Rc1 Nb8 26. a5 Nc6 27. axb6 axb6 28. Rb2 Nxd4 29. Rxb6 Bc6 30. Ne5 Be8 31. c5 f6 32. Nd3 Bb5 33. Bf1 Nf5+ 34. Kd2 Bxd3 35. Bxd3 Rd5 36. c6 Ne7 37. Ke3 Rd6 38. Ke2 Rdxc6 39. Rbxc6 Rxc6 40. Rb1 Kf7 41. g3 Rc7 42. Be4 Nd5 43. Bxd5 exd5 44. Rd1 Rd7 45. Ke3 Ke6 46. Kd4 Kd6 47. Ra1 Rc7 48. Ra6+ Rc6 49. Ra4 g5 50. h3 h5 51. Ra5 Rc4+ 52. Kd3 Ke5 53. Ra8 h4 54. Re8+ Kf5 55. g4+ Kf4 56. Rf8 Kxf3 57. Rxf6+ Rf4 58. Rg6 Kg3 59. Rxg5 Kxh3 60. Rxd5 Kxg4 61. Rd8 Rf7 62. Rg8+ Kf3 63. Rh8 Kg3 64. Ke3 Re7+ 65. Kd2 h3 66. Rg8+ Kh2 67. Rg6 Kh1 68. Rg8 h2 69. Rg6 Re5 70. Rg8 Ra5 71. Ke2 Ra2+ 72. Kf1 Ra1+ 73. Kf2 Rg1 74. Rh8 Rg6 75. Rf8 Rg7 76. Kf1 Rg2 77. Rf7 Rg1+ 78. Kf2 Rg8 79. Rf6 Ra8 80. Rf7 Ra2+ 81. Kf1 Ra1+ 82. Kf2 Ra2+ 83. Kf1 Ra1+ 84. Kf2 Ra2+ 1/2-1/2

[Event "Titled Tuesday intern op 06th May Early"]
[Site "Chess.com INT"]
[Date "2025.05.06"]
[Round "11"]
[White "Soderstrom, Adrian"]
[Black "Pranav, Shetty"]
[Result "1-0"]
[WhiteElo "2407"]
[BlackElo "2144"]
[PlyCount "67"]
[EventDate "2025.05.06"]
[EventType "swiss (blitz)"]
[EventRounds "11"]
[EventCountry "USA"]
[SourceTitle "CB20_2025"]
[SourceDate "2025.05.14"]
[SourceVersion "1"]
[SourceVersionDate "2025.05.14"]
[SourceQuality "1"]

1. d4 g6 2. e4 Bg7 3. Nf3 d6 4. Nc3 a6 5. a4 Nd7 6. Be2 c5 7. 0-0 cxd4 8. Nxd4 Ngf6 9. Be3 0-0 10. Ra3 Nc5 11. f3 Rb8 12. b4 Ne6 13. a5 d5 14. e5 Nxd4 15. Qxd4 Nd7 16. f4 e6 17. Na4 Qc7 18. Rc3 Qd8 19. Rd1 Re8 20. Qa7 Bf8 21. Bc5 Nxc5 22. Nxc5 Bxc5+ 23. Rxc5 Bd7 24. c4 dxc4 25. Bxc4 Qe7 26. Rc7 Qxb4 27. Rdxd7 b6 28. Rxf7 Qe1+ 29. Bf1 Qe3+ 30. Kh1 Qf2 31. Rg7+ Kh8 32. Rxh7+ Kg8 33. Rcg7+ Kf8 34. Rh8# 1-0

[Event "Titled Tuesday intern op 06th May Early"]
[Site "Chess.com INT"]
[Date "2025.05.06"]
[Round "9"]
[White "Soderstrom, Adrian"]
[Black "Raahul, VS."]
[Result "0-1"]
[WhiteElo "2407"]
[BlackElo "2378"]
[PlyCount "78"]
[EventDate "2025.05.06"]
[EventType "swiss (blitz)"]
[EventRounds "11"]
[EventCountry "USA"]
[SourceTitle "CB20_2025"]
[SourceDate "2025.05.14"]
[SourceVersion "1"]
[SourceVersionDate "2025.05.14"]
[SourceQuality "1"]

1. d4 f5 2. c4 Nf6 3. Nc3 e6 4. Nf3 d5 5. Bf4 dxc4 6. e3 Bd6 7. Bxc4 0-0 8. 0-0 Nc6 9. Ne5 Bxe5 10. dxe5 Ng4 11. Qe2 Ngxe5 12. Rfd1 Qf6 13. Bb3 g5 14. Bxe5 Nxe5 15. Nb5 Bd7 16. Nxc7 Rac8 17. Rxd7 Nxd7 18. Nxe6 Rf7 19. Qh5 Qxb2 20. Rd1 Nf6 21. Qxg5+ Kh8 22. Nd8 Rf8 23. Nf7+ Rxf7 24. Bxf7 Rc1 25. Bb3 Rxd1+ 26. Bxd1 Qa1 27. h3 Qxd1+ 28. Kh2 Qd6+ 29. f4 Qe6 30. Qg3 Nd5 31. Qh4 Qe7 32. Qh6 Nxe3 33. Kg1 Nd5 34. Qh5 Qe3+ 35. Kh2 Qxf4+ 36. Kh1 Qf1+ 37. Kh2 Qxg2+ 38. Kxg2 Nf4+ 39. Kf3 Nxh5 0-1

[Event "Titled Tuesday intern op 06th May Early"]
[Site "Chess.com INT"]
[Date "2025.05.06"]
[Round "6"]
[White "Soderstrom, Adrian"]
[Black "Rojas Alarcon, Julian Antonio"]
[Result "1-0"]
[WhiteElo "2407"]
[BlackElo "2365"]
[PlyCount "103"]
[EventDate "2025.05.06"]
[EventType "swiss (blitz)"]
[EventRounds "11"]
[EventCountry "USA"]
[SourceTitle "CB20_2025"]
[SourceDate "2025.05.14"]
[SourceVersion "1"]
[SourceVersionDate "2025.05.14"]
[SourceQuality "1"]

1. d4 Nf6 2. c4 g6 3. Nc3 d5 4. cxd5 Nxd5 5. e4 Nxc3 6. bxc3 Bg7 7. Nf3 c5 8. Rb1 0-0 9. Be2 cxd4 10. cxd4 Qa5+ 11. Bd2 Qxa2 12. 0-0 b6 13. Qc1 Qe6 14. Re1 Ba6 15. d5 Qd7 16. Bd1 Rc8 17. Qa3 e6 18. dxe6 Qxe6 19. e5 Bc4 20. Ng5 Qf5 21. Rc1 Nd7 22. e6 Bxe6 23. Rxc8+ Rxc8 24. Nxe6 fxe6 25. Qxa7 Bd4 26. Qxd7 Qxf2+ 27. Kh1 Rf8 28. Qxe6+ Kg7 29. Qe2 Qh4 30. Qe7+ Qxe7 31. Rxe7+ Kh8 32. Bf3 Rd8 33. Bg5 Rd6 34. Bf4 Rd8 35. Be5+ Bxe5 36. Rxe5 Rd6 37. h4 Kg7 38. Kh2 h5 39. Rb5 Kf6 40. Kg3 Ke6 41. Rg5 Kd7 42. Be4 Kc7 43. Bxg6 b5 44. Bxh5 b4 45. Bf7 b3 46. Rb5 Rd3+ 47. Kg4 Rd4+ 48. Kh3 Rd3+ 49. g3 Rf3 50. Bxb3 Kc6 51. Bd5+ Kxb5 52. Bxf3 1-0

[Event "Norrkoping op"]
[Site "Norrkoping"]
[Date "2025.04.21"]
[Round "8"]
[White "Carlsson, Ludvig"]
[Black "Soderstrom, Adrian"]
[Result "1/2-1/2"]
[WhiteElo "2364"]
[BlackElo "2408"]
[PlyCount "68"]
[EventDate "2025.04.18"]
[EventType "swiss"]
[EventRounds "8"]
[EventCountry "SWE"]
[SourceTitle "CB17_2025"]
[SourceDate "2025.04.23"]
[SourceVersion "1"]
[SourceVersionDate "2025.04.23"]
[SourceQuality "1"]

1. d4 d5 2. c4 e6 3. Nf3 Nf6 4. Nc3 Be7 5. Bg5 h6 6. Bxf6 Bxf6 7. e3 0-0 8. Rc1 c6 9. Bd3 Nd7 10. 0-0 dxc4 11. Bxc4 e5 12. h3 exd4 13. exd4 Nb6 14. Bb3 Bf5 15. Ne5 Bxe5 16. dxe5 Qxd1 17. Rfxd1 Rae8 18. f4 Be6 19. Rd6 Nc8 20. Rd2 Bxb3 21. axb3 f6 22. Re1 fxe5 23. fxe5 Re6 24. b4 Nb6 25. b5 Rfe8 26. bxc6 bxc6 27. Ra1 R8e7 28. Rd6 Rxe5 29. Rxc6 Nd5 30. Rc8+ Kh7 31. Rc5 Nxc3 32. Rxe5 Ne2+ 33. Rxe2 Rxe2 34. Rxa7 Rxb2 1/2-1/2

[Event "Norrkoping op"]
[Site "Norrkoping"]
[Date "2025.04.19"]
[Round "5"]
[White "Soderstrom, Adrian"]
[Black "Bjorkman, Filip"]
[Result "1-0"]
[WhiteElo "2408"]
[BlackElo "2123"]
[PlyCount "75"]
[EventDate "2025.04.18"]
[EventType "swiss"]
[EventRounds "8"]
[EventCountry "SWE"]
[SourceTitle "CB17_2025"]
[SourceDate "2025.04.23"]
[SourceVersion "1"]
[SourceVersionDate "2025.04.23"]
[SourceQuality "1"]

1. d4 Nf6 2. c4 g6 3. Nc3 d5 4. cxd5 Nxd5 5. e4 Nxc3 6. bxc3 Bg7 7. Nf3 c5 8. Rb1 0-0 9. Be2 Nc6 10. d5 Bxc3+ 11. Bd2 Bxd2+ 12. Qxd2 Na5 13. h4 f6 14. h5 g5 15. h6 e5 16. 0-0 b6 17. Rfd1 Rf7 18. Nh2 Nb7 19. Bh5 Nd6 20. Bxf7+ Kxf7 21. Qe2 Qg8 22. a4 Qg6 23. a5 Rb8 24. axb6 axb6 25. f3 g4 26. Rb3 c4 27. Ra3 gxf3 28. Nxf3 Qxe4 29. Re3 Qg4 30. Rxe5 Bf5 31. Re7+ Kf8 32. Rd4 Qh5 33. Rh4 Qg6 34. Rg7 Qe8 35. Qf2 Bg6 36. Qd4 Qd8 37. Rxg6 hxg6 38. h7 1-0

[Event "Norrkoping op"]
[Site "Norrkoping"]
[Date "2025.04.18"]
[Round "2"]
[White "Nilsson, Oliver"]
[Black "Soderstrom, Adrian"]
[Result "0-1"]
[WhiteElo "2087"]
[BlackElo "2408"]
[PlyCount "22"]
[EventDate "2025.04.18"]
[EventType "swiss"]
[EventRounds "8"]
[EventCountry "SWE"]
[SourceTitle "CB17_2025"]
[SourceDate "2025.04.23"]
[SourceVersion "1"]
[SourceVersionDate "2025.04.23"]
[SourceQuality "1"]

1. e4 g6 2. d4 Bg7 3. Nf3 d5 4. exd5 Nf6 5. Be2 Nxd5 6. c4 Nb6 7. 0-0 0-0 8. h3 c5 9. Be3 Nc6 10. Nc3 cxd4 11. Nxd4 Nxd4 0-1

[Event "Norrkoping op"]
[Site "Norrkoping"]
[Date "2025.04.18"]
[Round "3"]
[White "Soderstrom, Adrian"]
[Black "Tornberg, Carlos"]
[Result "0-1"]
[WhiteElo "2408"]
[BlackElo "2152"]
[PlyCount "76"]
[EventDate "2025.04.18"]
[EventType "swiss"]
[EventRounds "8"]
[EventCountry "SWE"]
[SourceTitle "CB17_2025"]
[SourceDate "2025.04.23"]
[SourceVersion "1"]
[SourceVersionDate "2025.04.23"]
[SourceQuality "1"]

1. d4 Nf6 2. c4 e6 3. Nf3 c5 4. d5 exd5 5. cxd5 d6 6. Nc3 g6 7. e4 a6 8. a4 Bg4 9. Qb3 Bxf3 10. Qxb7 Bxg2 11. Bxg2 Nbd7 12. 0-0 Nh5 13. f4 Bg7 14. e5 0-0 15. Kh1 dxe5 16. f5 Nf4 17. Bxf4 exf4 18. d6 Rb8 19. Qf3 Rxb2 20. Nd5 Ne5 21. Ne7+ Kh8 22. Qxf4 Rb4 23. Qg5 Rg4 24. Qd2 Rd4 25. Qf2 Rxd6 26. Qxc5 Qxe7 27. Rae1 Nd3 28. Rxe7 Nxc5 29. a5 Kg8 30. Rc7 Nb3 31. fxg6 hxg6 32. Bh3 Nxa5 33. Rb1 Rfd8 34. Bg4 Rd2 35. Rc5 Ra2 36. Bf3 Rdd2 37. Rd5 Bd4 38. Rb8+ Kg7 0-1

[Event "Stockholm GP rapid"]
[Site "Stockholm"]
[Date "2024.11.02"]
[Round "6"]
[White "Soderstrom, Adrian"]
[Black "Reimanis, Ritvars"]
[Result "1/2-1/2"]
[WhiteElo "2348"]
[BlackElo "2351"]
[PlyCount "27"]
[EventDate "2024.11.01"]
[EventType "swiss (rapid)"]
[EventRounds "8"]
[EventCountry "SWE"]
[SourceTitle "CB45_2024"]
[Source "ChessBase"]
[SourceDate "2024.11.06"]
[SourceVersion "1"]
[SourceVersionDate "2024.11.06"]
[SourceQuality "1"]

1. d4 Nf6 2. c4 e6 3. Nf3 d5 4. g3 dxc4 5. Bg2 Nbd7 6. Qa4 a6 7. Qxc4 b5 8. Qc2 Bb7 9. 0-0 c5 10. dxc5 Bxc5 11. e3 Rc8 12. Qe2 Qb6 13. b3 a5 14. Bb2 1/2-1/2

[Event "Uppsala Young Champions 11th"]
[Site "Uppsala"]
[Date "2024.10.30"]
[Round "9"]
[White "Preman, Nathan"]
[Black "Soderstrom, Adrian"]
[Result "0-1"]
[WhiteElo "2001"]
[BlackElo "2342"]
[PlyCount "58"]
[EventDate "2024.10.25"]
[EventType "tourn"]
[EventRounds "9"]
[EventCountry "SWE"]
[SourceTitle "CB45_2024"]
[Source "ChessBase"]
[SourceDate "2024.11.06"]
[SourceVersion "1"]
[SourceVersionDate "2024.11.06"]
[SourceQuality "1"]

1. e4 e5 2. Nf3 Nc6 3. Bc4 Bc5 4. c3 Nf6 5. d3 a6 6. a4 d6 7. 0-0 Ba7 8. Re1 h6 9. Nbd2 g5 10. h3 g4 11. hxg4 Nxg4 12. Re2 Qf6 13. d4 Rg8 14. Nf1 exd4 15. e5 Ngxe5 16. Bd5 Be6 17. Bxc6+ Nxc6 18. cxd4 0-0-0 19. N1h2 Bd5 20. Re3 Nxd4 21. Rd3 Nxf3+ 22. Nxf3 Be4 23. Rc3 Qg7 24. Qf1 Qg4 25. Ne1 Bd4 26. Rc4 Bd5 27. Rc2 Bb3 28. Rd2 Rde8 29. Nc2 Bxc2 0-1

[Event "Uppsala Young Champions 11th"]
[Site "Uppsala"]
[Date "2024.10.26"]
[Round "3"]
[White "Falkevall, Axel"]
[Black "Soderstrom, Adrian"]
[Result "1/2-1/2"]
[WhiteElo "2359"]
[BlackElo "2342"]
[PlyCount "65"]
[EventDate "2024.10.25"]
[EventType "tourn"]
[EventRounds "9"]
[EventCountry "SWE"]
[SourceTitle "CB45_2024"]
[Source "ChessBase"]
[SourceDate "2024.11.06"]
[SourceVersion "1"]
[SourceVersionDate "2024.11.06"]
[SourceQuality "1"]

1. d4 d5 2. c4 e6 3. Nf3 Nf6 4. Nc3 c5 5. cxd5 Nxd5 6. e4 Nxc3 7. bxc3 cxd4 8. cxd4 Bb4+ 9. Bd2 Bxd2+ 10. Qxd2 0-0 11. Bc4 Nd7 12. 0-0 b6 13. a4 Bb7 14. Bd3 Qe7 15. a5 Nf6 16. Rfe1 bxa5 17. Rxa5 h6 18. h3 Rfc8 19. d5 exd5 20. exd5 Qc7 21. d6 Qc3 22. Qxc3 Rxc3 23. Ne5 Bd5 24. d7 Rd8 25. Bb5 Rc5 26. Nd3 Rc3 27. Nf4 Bc6 28. Bxc6 Rxc6 29. Nd5 Kf8 30. Nxf6 Rxf6 31. Rd1 Ke7 32. Rxa7 Rd6 33. Re1+ 1/2-1/2

[Event "EU-ch U18"]
[Site "Prague"]
[Date "2024.08.26"]
[Round "5"]
[White "Stalmach, Richard"]
[Black "Soderstrom, Adrian"]
[Result "1/2-1/2"]
[WhiteElo "2443"]
[BlackElo "2318"]
[PlyCount "77"]
[EventDate "2024.08.22"]
[EventType "swiss"]
[EventRounds "9"]
[EventCountry "CZE"]
[SourceTitle "CBM 221 Extra"]
[Source "ChessBase"]
[SourceDate "2024.09.30"]
[SourceVersion "1"]
[SourceVersionDate "2024.09.30"]
[SourceQuality "1"]

1. c4 Nf6 2. Nf3 g6 3. Nc3 Bg7 4. e4 e5 5. Nxe5 0-0 6. Nf3 Re8 7. d3 d5 8. cxd5 Nxd5 9. Nxd5 Qxd5 10. Be2 Qd6 11. h4 Bg4 12. Bd2 Bxf3 13. gxf3 Nc6 14. Bc3 Nd4 15. Qd2 h5 16. f4 Bh6 17. Bxd4 Qxd4 18. Qc3 Qxc3+ 19. bxc3 Bxf4 20. Rb1 b6 21. Bd1 Rad8 22. Ke2 c5 23. Ba4 Re6 24. Bb3 Red6 25. Bc4 Be5 26. Rb3 Rf6 27. a4 Rdd6 28. Rh3 Rf4 29. Ke3 Rff6 30. Bd5 Bf4+ 31. Ke2 Be5 32. Ke3 Bf4+ 33. Ke2 Be5 34. f3 Kg7 35. Rh1 Rd7 36. Ke3 Bf4+ 37. Kf2 Be5 38. Ke2 Rc7 39. Ke3 1/2-1/2

[Event "EU-ch U18"]
[Site "Prague"]
[Date "2024.08.23"]
[Round "2"]
[White "Soderstrom, Adrian"]
[Black "Kocsmar, Akos"]
[Result "1-0"]
[WhiteElo "2318"]
[BlackElo "2187"]
[PlyCount "49"]
[EventDate "2024.08.22"]
[EventType "swiss"]
[EventRounds "9"]
[EventCountry "CZE"]
[SourceTitle "CBM 221 Extra"]
[Source "ChessBase"]
[SourceDate "2024.09.30"]
[SourceVersion "1"]
[SourceVersionDate "2024.09.30"]
[SourceQuality "1"]

1. e4 e5 2. Nf3 Nc6 3. Bc4 Nf6 4. d4 exd4 5. e5 Ne4 6. Qe2 Nc5 7. 0-0 Ne6 8. Bxe6 dxe6 9. Rd1 Be7 10. Nc3 0-0 11. Nb5 Bd7 12. Nbxd4 Qc8 13. Nb3 Rd8 14. Bg5 Bxg5 15. Nxg5 h6 16. Nh3 Be8 17. Nf4 Rd7 18. Nh5 Ne7 19. Nc5 Rxd1+ 20. Rxd1 Bc6 21. Ne4 Qf8 22. Rd4 Rd8 23. Nef6+ gxf6 24. Nxf6+ Kh8 25. Qd3 1-0

[Event "Ostersund Storsjodraget op"]
[Site "Ostersund"]
[Date "2024.06.14"]
[Round "3"]
[White "Sundin, Emanuel"]
[Black "Soderstrom, Adrian"]
[Result "1/2-1/2"]
[WhiteElo "2165"]
[BlackElo "2351"]
[PlyCount "119"]
[EventDate "2024.06.14"]
[EventType "swiss"]
[EventRounds "7"]
[EventCountry "SWE"]
[SourceTitle "CBM 220 Extra"]
[Source "ChessBase"]
[SourceDate "2024.07.31"]
[SourceVersion "1"]
[SourceVersionDate "2024.07.31"]
[SourceQuality "1"]

1. e4 e5 2. Nf3 Nc6 3. d4 exd4 4. Bc4 Bc5 5. Ng5 Nh6 6. Nxf7 Nxf7 7. Bxf7+ Kxf7 8. Qh5+ g6 9. Qxc5 d5 10. 0-0 dxe4 11. c3 Qd6 12. Qxd6 cxd6 13. cxd4 Nxd4 14. Nc3 Bf5 15. Bh6 Rac8 16. h3 Rc4 17. Rfd1 Bd7 18. Be3 Nc2 19. Rac1 Nxe3 20. fxe3 Ke6 21. b3 Rc6 22. Nxe4 Rxc1 23. Rxc1 Bc6 24. Ng5+ Kf6 25. Nf3 Rc8 26. Nd4 Ke5 27. Rf1 Bd5 28. Kf2 Rc3 29. Rd1 Ke4 30. Rd2 Bc6 31. Ne2 Rc5 32. Nd4 Ke5 33. g3 Rc1 34. Nf3+ Bxf3 35. Kxf3 Rf1+ 36. Rf2 Rh1 37. Kg4 Ke6 38. Rc2 Kd7 39. Rf2 Ke6 40. Rc2 Re1 41. Rc7 h5+ 42. Kf3 Rf1+ 43. Ke2 Ra1 44. a4 Ra2+ 45. Kf3 b6 46. Rxa7 Rb2 47. Rb7 Rxb3 48. a5 Kd5 49. Rxb6 Ra3 50. Rb5+ Ke6 51. Kf4 Kf6 52. Rd5 Ke6 53. e4 Ra4 54. g4 hxg4 55. hxg4 Ke7 56. Rb5 Ke6 57. Rg5 Kf6 58. Rb5 Ke6 59. Rg5 Kf6 60. Rb5 1/2-1/2

[Event "Norrkoeping Easter op"]
[Site "Norrkoeping"]
[Date "2024.03.31"]
[Round "6"]
[White "Soderstrom, Adrian"]
[Black "Hector, Jonny"]
[Result "1/2-1/2"]
[WhiteElo "2288"]
[BlackElo "2441"]
[PlyCount "59"]
[EventDate "2024.03.29"]
[EventType "swiss"]
[EventRounds "8"]
[EventCountry "SWE"]
[SourceTitle "CBM 219 Extra"]
[Source "ChessBase"]
[SourceDate "2024.05.31"]
[SourceVersion "1"]
[SourceVersionDate "2024.05.31"]
[SourceQuality "1"]

1. d4 d5 2. c4 c6 3. cxd5 cxd5 4. Nf3 Nf6 5. Nc3 Nc6 6. Bf4 Bf5 7. Qb3 Na5 8. Qa4+ Bd7 9. Qc2 Rc8 10. e3 Ne4 11. Bd3 Nxc3 12. bxc3 e6 13. Rb1 f5 14. 0-0 Be7 15. Ne5 0-0 16. Nxd7 Qxd7 17. Bb5 Qd8 18. Qa4 Kh8 19. Be2 a6 20. Qc2 b5 21. a4 b4 22. Bxa6 Rxc3 23. Qe2 Bd6 24. Bg3 Bxg3 25. hxg3 Qd6 26. Rfc1 Qc6 27. Rxc3 bxc3 28. Bb5 Qc7 29. Qc2 Rc8 30. Ba6 1/2-1/2

[Event "Norrkoeping Easter op"]
[Site "Norrkoeping"]
[Date "2024.03.29"]
[Round "3"]
[White "Mardell, Jonas"]
[Black "Soderstrom, Adrian"]
[Result "0-1"]
[WhiteElo "2027"]
[BlackElo "2288"]
[PlyCount "56"]
[EventDate "2024.03.29"]
[EventType "swiss"]
[EventRounds "8"]
[EventCountry "SWE"]
[SourceTitle "CBM 219 Extra"]
[Source "ChessBase"]
[SourceDate "2024.05.31"]
[SourceVersion "1"]
[SourceVersionDate "2024.05.31"]
[SourceQuality "1"]

1. e4 e5 2. Nc3 Nf6 3. Bc4 Nc6 4. d3 Na5 5. Bg5 c6 6. f4 Nxc4 7. dxc4 h6 8. fxe5 hxg5 9. exf6 Qxf6 10. Qf3 Qe5 11. Qf5 d6 12. Qxe5+ dxe5 13. Nf3 f6 14. Ke2 Be6 15. b3 Bb4 16. Nd1 0-0-0 17. c3 Ba3 18. Ne3 g4 19. Ne1 Bb2 20. Rd1 Bxc3 21. Rxd8+ Rxd8 22. Nd3 Rd4 23. Rc1 Ba5 24. Rc2 Bf7 25. Nf5 Rxe4+ 26. Kf2 Kb8 27. Nxg7 Rd4 28. Nc1 Bg6 0-1

[Event "Bremen Jubilee 125 op"]
[Site "Bremen"]
[Date "2024.03.02"]
[Round "1"]
[White "Soderstrom, Adrian"]
[Black "Meins, Gerlef"]
[Result "1/2-1/2"]
[WhiteElo "2288"]
[BlackElo "2390"]
[PlyCount "113"]
[EventDate "2024.03.02"]
[EventType "swiss"]
[EventRounds "9"]
[EventCountry "GER"]
[SourceTitle "CBM 219 Extra"]
[Source "ChessBase"]
[SourceDate "2024.05.31"]
[SourceVersion "1"]
[SourceVersionDate "2024.05.31"]
[SourceQuality "1"]

1. e4 c5 2. Nf3 Nc6 3. d4 cxd4 4. Nxd4 Nf6 5. Nc3 d6 6. Bg5 e6 7. Qd2 Be7 8. 0-0-0 Nxd4 9. Qxd4 0-0 10. h4 Bd7 11. Bxf6 Bxf6 12. Qxd6 Bc6 13. Qxd8 Rfxd8 14. Rxd8+ Rxd8 15. Bd3 Bd4 16. Rf1 g6 17. Ne2 Bb6 18. f3 Be3+ 19. Kb1 f5 20. exf5 exf5 21. Rd1 Kg7 22. h5 Kf6 23. hxg6 hxg6 24. Rh1 Kg7 25. Rh3 Rh8 26. Rxh8 Kxh8 27. c3 Kg7 28. Nd4 Bd7 29. Kc2 Kf6 30. Bb5 Bxd4 31. Bxd7 Bf2 32. Kd3 Ke7 33. Bc8 b6 34. Kc4 Kd6 35. Kb5 a5 36. Bb7 f4 37. Be4 g5 38. a4 Kc7 39. Kc4 Kd6 40. Ba8 Be3 41. Kd3 Ke5 42. g4 Bf2 43. Kc4 Kd6 44. Kb5 Kc7 45. Be4 Be3 46. b4 axb4 47. cxb4 Bd2 48. Kc4 Be1 49. Bc2 Kd6 50. Bb3 Kc7 51. b5 Kd6 52. Kd4 Bf2+ 53. Ke4 Kc5 54. Kf5 Bh4 55. Ke6 Kb4 56. Bd1 Ka5 57. Ke5 1/2-1/2

[Event "BL2-Ost 2324"]
[Site "Germany"]
[Date "2024.02.24"]
[Round "7.2"]
[White "Soderstrom, Adrian"]
[Black "Slobodjan, Roman"]
[Result "1/2-1/2"]
[WhiteElo "2307"]
[BlackElo "2445"]
[PlyCount "62"]
[EventDate "2023.10.21"]
[EventType "team-tourn"]
[EventRounds "10"]
[EventCountry "GER"]
[SourceTitle "EXT 2025"]
[Source "ChessBase"]
[SourceDate "2024.10.14"]
[SourceVersion "1"]
[SourceVersionDate "2024.10.14"]
[SourceQuality "1"]
[WhiteTeam "Bayern Muenchen II"]
[BlackTeam "Nickelhuette Aue"]
[WhiteTeamCountry "GER"]
[BlackTeamCountry "GER"]

1. e4 e5 2. Nf3 Nc6 3. Bb5 Nf6 4. 0-0 Nxe4 5. Re1 Nd6 6. Nxe5 Be7 7. Bf1 Nxe5 8. Rxe5 0-0 9. d4 Ne8 10. c4 Bf6 11. Re1 d5 12. cxd5 Qxd5 13. Be3 Bf5 14. Nc3 Qd7 15. d5 Nd6 16. Bd4 Bxd4 17. Qxd4 Rfe8 18. Rxe8+ Qxe8 19. Rc1 a6 20. Nd1 Qe1 21. Qc5 Qe5 22. Ne3 Re8 23. Qc3 Qxc3 24. bxc3 Bd7 25. c4 c5 26. dxc6 Bxc6 27. Rd1 Ne4 28. Nd5 Kf8 29. Rd4 Nc5 30. Nc3 Re6 31. Rd2 h6 1/2-1/2

[Event "Titled Tuesday intern op 20th Feb Late"]
[Site "Chess.com INT"]
[Date "2024.02.20"]
[Round "3"]
[White "Holt, Conrad"]
[Black "Soderstrom, Adrian"]
[Result "0-1"]
[WhiteElo "2540"]
[BlackElo "2307"]
[PlyCount "140"]
[EventDate "2024.02.20"]
[EventType "swiss (blitz)"]
[EventRounds "11"]
[EventCountry "USA"]
[SourceTitle "EXT 2025"]
[Source "ChessBase"]
[SourceDate "2024.10.14"]
[SourceVersion "1"]
[SourceVersionDate "2024.10.14"]
[SourceQuality "1"]

1. d4 Nf6 2. c4 e6 3. Nf3 d5 4. Nc3 Be7 5. Bf4 0-0 6. e3 c5 7. dxc5 Bxc5 8. a3 Nc6 9. Qc2 Qa5 10. Nd2 Be7 11. Rd1 e5 12. Bg5 d4 13. Nb3 Qd8 14. Bd3 h6 15. Bxf6 Bxf6 16. Nd5 Be6 17. Be4 Rc8 18. Nc5 Bxd5 19. Bxd5 Qa5+ 20. b4 Nxb4 21. axb4 Qxb4+ 22. Rd2 Qxc5 23. exd4 exd4 24. 0-0 b5 25. Re1 bxc4 26. Qf5 d3 27. Rdd1 Rfe8 28. Rxe8+ Rxe8 29. Bxf7+ Kxf7 30. Qxc5 c3 31. Qc4+ Kf8 32. Qxd3 a5 33. g3 a4 34. Qd6+ Kg8 35. Qd7 Re7 36. Qxa4 Rc7 37. Re1 c2 38. Rc1 Bg5 39. Rxc2 Re7 40. Rc8+ Kh7 41. Qe4+ Rxe4 42. Kg2 Bf6 43. Kf3 Re7 44. h4 Rf7 45. Kg4 Be5 46. f4 Bf6 47. h5 Ra7 48. Rb8 Ra3 49. Rc8 Rd3 50. Ra8 Rd8 51. Rxd8 Bxd8 52. Kf5 Kg8 53. Kg6 Bc7 54. Kf5 Kf7 55. g4 Ba5 56. g5 hxg5 57. fxg5 Bd2 58. h6 g6+ 59. Kg4 Ke6 60. Kh4 Kf5 61. h7 Bxg5+ 62. Kg3 Bf6 63. Kf3 Bh8 64. Kg3 g5 65. Kf3 Kg6 66. Kg4 Bf6 67. Kf3 Kxh7 68. Kg4 Kg6 69. Kf3 Kf5 70. Kg3 g4 0-1

[Event "Titled Tuesday intern op 20th Feb Late"]
[Site "Chess.com INT"]
[Date "2024.02.20"]
[Round "4"]
[White "Manukyan, Sargis A"]
[Black "Soderstrom, Adrian"]
[Result "1-0"]
[WhiteElo "2216"]
[BlackElo "2307"]
[PlyCount "261"]
[EventDate "2024.02.20"]
[EventType "swiss (blitz)"]
[EventRounds "11"]
[EventCountry "USA"]
[SourceTitle "EXT 2025"]
[Source "ChessBase"]
[SourceDate "2024.10.14"]
[SourceVersion "1"]
[SourceVersionDate "2024.10.14"]
[SourceQuality "1"]

1. d4 Nf6 2. c4 e6 3. Nc3 Bb4 4. a3 Bxc3+ 5. bxc3 0-0 6. e3 d6 7. Bd3 e5 8. Ne2 Re8 9. 0-0 e4 10. Bb1 Nbd7 11. Ng3 Nf8 12. f3 exf3 13. Qxf3 Bg4 14. Qf2 Ng6 15. h3 Be6 16. Bd3 d5 17. cxd5 Bxd5 18. c4 Be6 19. d5 Bd7 20. Bb2 Ne5 21. Be2 Qe7 22. Bd4 c5 23. dxc6 Bxc6 24. Nf5 Qe6 25. Qg3 g6 26. Nh6+ Kg7 27. Ng4 Nfxg4 28. Bxg4 f5 29. Bxf5 Qe7 30. Ra2 Kg8 31. Raf2 Rad8 32. Bb1 Rd7 33. h4 Qe6 34. h5 Rg7 35. hxg6 hxg6 36. Rf6 Qe7 37. Bxe5 Qxe5 38. Rf8+ Kh7 39. Bxg6+ Rxg6 40. R1f7+ Qg7 41. Rxg7+ Kxg7 42. Rf7+ Kxf7 43. Qf4+ Kg7 44. Qd4+ Kg8 45. g4 Re4 46. Qd8+ Kh7 47. Qc7+ Rg7 48. Qh2+ Kg8 49. Qb8+ Re8 50. Qxa7 Rxg4+ 51. Kf1 Rf8+ 52. Ke2 Rg2+ 53. Kd3 Rd8+ 54. Kc3 Rgd2 55. Kb4 Rb2+ 56. Kc5 Rc8 57. Kd4 Rd2+ 58. Kc3 Rcd8 59. Kb4 R2d3 60. Qc5 R3d7 61. Qg5+ Kf8 62. Qf6+ Ke8 63. Qg6+ Rf7 64. e4 Kf8 65. e5 Re8 66. e6 Rfe7 67. Qh6+ Kg8 68. Qg6+ Kf8 69. Qf6+ Kg8 70. Qg5+ Kf8 71. Qf4+ Kg8 72. Qg3+ Kf8 73. Qf2+ Kg8 74. a4 Rxe6 75. a5 Re2 76. Qg3+ Kf7 77. Qf4+ Kg7 78. Qg5+ Kf7 79. Qf5+ Kg7 80. Qg5+ Kf7 81. Qh5+ Kg7 82. Qg4+ Kf6 83. Kc5 R8e5+ 84. Kb6 Rb2+ 85. Kc7 Re7+ 86. Kb8 Rbe2 87. Qf4+ Kg6 88. Qg4+ Kh7 89. Qh5+ Kg7 90. Qg5+ Kf8 91. Qf6+ Kg8 92. Qg6+ Kf8 93. Qh6+ Kg8 94. c5 Re8+ 95. Ka7 R2e7 96. Qg6+ Rg7 97. Qb1 Re6 98. Qb3 Kf7 99. a6 bxa6 100. Kxa6 Rgg6 101. Ka5 Ke7 102. Qd3 Be4 103. Qd4 Rg2 104. Kb4 Bc6 105. Qh8 Re4+ 106. Kc3 Rg3+ 107. Kd2 Rgg4 108. Qh7+ Kd8 109. Qh8+ Kd7 110. Qh7+ Re7 111. Qd3+ Kc7 112. Qd6+ Kc8 113. Qxe7 Rd4+ 114. Kc3 Rd7 115. Qe8+ Kc7 116. Qe5+ Kc8 117. Kb4 Rd5 118. Qe6+ Kc7 119. Qe7+ Rd7 120. Qe5+ Kc8 121. Ka5 Kb7 122. Qb2+ Kc7 123. Qb6+ Kc8 124. Qxc6+ Rc7 125. Qe8+ Kb7 126. Kb5 Ka7 127. c6 Rh7 128. Qd7+ Kb8 129. Qxh7 Kc8 130. Qd7+ Kb8 131. Qb7# 1-0